Signes, symboles et mythes

Αποθηκεύτηκε σε:
Λεπτομέρειες βιβλιογραφικής εγγραφής
Κύριος συγγραφέας: Benoist, Luc
Μορφή: Βιβλίο
Γλώσσα:French
Δημοσίευση: Paris : PUF, 1998.
Έκδοση:8η εκδ.
Σειρά:Que sais-je? 1605
Θέματα:
Ετικέτες: Προσθήκη ετικέτας
Δεν υπάρχουν, Καταχωρήστε ετικέτα πρώτοι!

MARC

LEADER 00000cam a2200000 i 4500
001 1/102641
008 000225s1998 fr | ||| |||| ||fre||
020 |a 2130442854 
035 |l 10058163 
040 |a GR-MyUA  |b gre  |e AACR2 
041 0 |a fre 
082 0 |a 291 
100 1 |a Benoist, Luc. 
245 1 0 |a Signes, symboles et mythes /   |c Luc Benoist.  
250 |a 8η εκδ.  
260 |a Paris :   |b PUF,   |c 1998.  
300 |a 126 σ.  
490 1 |a (Que sais-je?   |v ; 1605)  
650 0 0 |a Symbolism. 
650 0 0 |a Mythology. 
650 0 0 |a Signs and symbols. 
767 0 8 |i Μεταφρασμένο ως:   |t Σημεία, σύμβολα και μύθοι /  
830 0 |a Que sais-je?  |v  1605 
852 |a INST  |b RHODES  |e 20000225  |h 291 BEN  |p 005400012353  |q 005400012353  |t BK  |y 0 
901 |a BIBL4-2000-1 
909 |a Ρ  |b 068968 
922 |a 4ΕΛΗ  |b 199909  |c ΚΠΣ/154  |d GLORY BOOKS 
970 |a ΚΟΥΛΑΚΙΟΤΗ  |b ΛΙΤΣΑ  |z 2000/02/25